Nový perturbačný modifikátor schémy HFE
Gespeichert in:
| 1. Verfasser: | |
|---|---|
| Weitere Verfasser: | |
| Format: | Manuskript Buch |
| Sprache: | Slowakisch |
| Veröffentlicht: |
Bratislava :
STU v Bratislave FEI,
2023
|
| Schlagworte: | |
| Online-Zugang: | https://opac.crzp.sk/?fn=detailBiblioFormChildQD6IH&sid=A5BC586C45F5195261E028AF963A&seo=CRZP-detail-kniha |
| Tags: |
Keine Tags, Fügen Sie das erste Tag hinzu!
|
MARC
| LEADER | 00000ntm a22000003a 4500 | ||
|---|---|---|---|
| 001 | stuzp92979 | ||
| 003 | SK-STU | ||
| 005 | 20241217141059.6 | ||
| 007 | ta | ||
| 008 | 150427s2015----xo-----f-mn---000-0-slo-d | ||
| 040 | |a STU |b slo | ||
| 041 | 0 | |a slo | |
| 044 | |a xo | ||
| 100 | 1 | |a Pekareková, Sabina Daniela |u 035000 |k Z3 |4 aut |U FEI Fakulta elektrotechniky a informatiky |T FEI Ústav informatiky a matematiky |X 99535 |U E050 |Y 816 |7 99535 | |
| 242 | 0 | 1 | |a New perturbation modifier of HFE scheme |y eng |
| 245 | 1 | 0 | |a Nový perturbačný modifikátor schémy HFE |
| 260 | |a Bratislava : |b STU v Bratislave FEI, |c 2023 | ||
| 300 | |a 75 s. | ||
| 650 | 4 | |a podpisová schéma |2 slo | |
| 650 | 4 | |a HFE |2 slo | |
| 650 | 4 | |a perturbačný modifikátor |2 slo | |
| 650 | 4 | |a postkvantová kryptografia |2 slo | |
| 650 | 4 | |a signature scheme |2 eng | |
| 650 | 4 | |a postquantum cryptography |2 eng | |
| 650 | 4 | |a HFE |2 eng | |
| 650 | 4 | |a perturbation modifier |2 eng | |
| 700 | 1 | |a Hromada, Viliam |u 035000 |k Z1 |4 ths |U FEI Fakulta elektrotechniky a informatiky |T FEI Ústav informatiky a matematiky |X 36029 |U E050 |Y 816 |7 A000036029 | |
| 856 | 4 | |u https://opac.crzp.sk/?fn=detailBiblioFormChildQD6IH&sid=A5BC586C45F5195261E028AF963A&seo=CRZP-detail-kniha | |